MARC details
| 000 -LEADER |
| fixed length control field |
01101nam a2200253 a 4500 |
| 008 - FIXED-LENGTH DATA ELEMENTS--GENERAL INFORMATION |
| fixed length control field |
060518s2006 ||||||||||||||||| || u |
| 020 ## - INTERNATIONAL STANDARD BOOK NUMBER |
| International Standard Book Number |
082136314X |
| 050 ## - LIBRARY OF CONGRESS CALL NUMBER |
| Classification number |
HF 1385 Pov |
| 100 ## - MAIN ENTRY--PERSONAL NAME |
| Personal name |
Winters, L. Alan |
| 245 10 - TITLE STATEMENT |
| Title |
Poverty and the WTO: impacts of the DOHA development agenda |
| Statement of responsibility, etc. |
edited by Thomas W. Hertel; L. Alan Winters |
| 260 ## - PUBLICATION, DISTRIBUTION, ETC. |
| Place of publication, distribution, etc. |
Washington, D. C. |
| Name of publisher, distributor, etc. |
World Bank |
| Date of publication, distribution, etc. |
2006 |
| 300 ## - PHYSICAL DESCRIPTION |
| Extent |
xxi; 537p.; ill. |
| 350 ## - PRICE (NR) (BK AM CF MU VM SE) [OBSOLETE] |
| Price |
0.00 |
| 490 ## - SERIES STATEMENT |
| Series statement |
Trade and development series |
| 500 ## - GENERAL NOTE |
| General note |
A copublication of Palgrave Macmillan and the World Bank. |
| 650 #0 - SUBJECT ADDED ENTRY--TOPICAL TERM |
| Topical term or geographic name entry element |
DEVELOPING COUNTRIES--ECONOMIC CONDITIONS |
| 650 #0 - SUBJECT ADDED ENTRY--TOPICAL TERM |
| Topical term or geographic name entry element |
DEVELOPING COUNTRIES - ECONOMIC POLICY |
| 650 #0 - SUBJECT ADDED ENTRY--TOPICAL TERM |
| Topical term or geographic name entry element |
INTERNATIONAL ECONOMIC RELATIONS--HANDBOOKS, MANUALS, E.T.C |
| 650 ## - SUBJECT ADDED ENTRY--TOPICAL TERM |
| Topical term or geographic name entry element |
POOR--RESEARCH--DEVELOPING COUNTRIES |
| 650 ## - SUBJECT ADDED ENTRY--TOPICAL TERM |
| Topical term or geographic name entry element |
POVERTY--DEVELOPING COUNTRIES |
| 650 ## - SUBJECT ADDED ENTRY--TOPICAL TERM |
| Topical term or geographic name entry element |
WORLD TRADE ORGANIZATION--DEVELOPING COUNTRIES |
| 700 ## - ADDED ENTRY--PERSONAL NAME |
| Personal name |
Hertel, Thomas W |
| 995 ## - RECOMMENDATION 995 [LOCAL, UNIMARC FRANCE] |
| -- |
0.00 |
| -- |
CBU-MAIN LIBRARY (Kitwe) |
| -- |
1 |
| -- |
0.00 |
| -- |
1 |
| -- |
AVAILABLE |
| -- |
May 18, 2006 |
| -- |
Main Library Open Access Collection |